| 000 | 01298cam a22003615a 4500 | ||
|---|---|---|---|
| 999 |
_c17681 _d17653 |
||
| 001 | 15122679 | ||
| 003 | EG-ScBUE | ||
| 005 | 20210607100955.0 | ||
| 008 | 071227t2012 enka f bd 001 0 eng d | ||
| 020 | _a1408259656 | ||
| 020 | _a9781408259658 | ||
| 040 |
_aEG-ScBUE _beng _erda _cEG-ScBUE _dEG-ScBUE |
||
| 082 | 0 | 4 |
_a658.3 _bROB _222 |
| 100 | 1 |
_aRobbins, Stephen P., _d1943- _eauthor. _920090 |
|
| 245 | 1 | 0 |
_aOrganizational behavior / _cStephen P. Robbins, San Diego State University, Timothy A. Judge, University of Florida, Elham S. Hasham, Notre Dame University, Lebanon. |
| 250 | _aArab world edition. | ||
| 264 | 1 |
_aHarlow, England : _bPearson Education Limited, _c[2012] |
|
| 264 | 1 | _cc2012 | |
| 300 |
_axxxv., 593 pages : _billustrations (chiefly color) ; _c29 cm |
||
| 336 |
_2rdacontent _atext _btxt |
||
| 337 |
_2rdamedia _aunmediated _bn |
||
| 338 |
_2rdacarrier _avolume _bnc |
||
| 500 | _aIncludes glossary. | ||
| 504 | _aIncludes bibliographical references and index. | ||
| 650 | 7 |
_aOrganizational behavior. _2BUEsh _931022 |
|
| 650 | 7 |
_aPersonnel management. _2BUEsh |
|
| 651 | _2BUEsh | ||
| 653 |
_bBUSADM _cFebruary2017 |
||
| 655 |
_vReading book _934232 |
||
| 700 | 1 |
_aJudge, Tim, _eauthor. _931023 |
|
| 700 | 1 |
_aHasham, Elham S., _eauthor. |
|
| 942 |
_2ddc _cBB _k658.3 ROB |
||